Movies Quiz

Random Movies or Definition Quiz

The Disney Dictionary Quiz Stats

Quiz Updated Jul 5, 2013

Also try: Disney Songs
Challenge
Share
Tweet
Embed
Score 0/10 Timer 04:00
3 Plays Today
% Correct
Hakuna Matata
97.3%
Unbirthday
89.3%
Heffalump
79.1%
Ohana
75.9%
Bibbidi Bobbidi Boo
74.7%
Dingle Hopper
70.2%
Supercalifragilisticexpialidocious
62.5%
Zip-a-dee-do-dah
57.9%
Twitterpated
49.1%
Higitus Figitus
46.7%

You're not logged in!

Compare scores with friends on all Sporcle quizzes.
Sign Up with Email
OR
Log In

You Might Also Like...

Show Comments

Extras

Top Quizzes Today


Score Distribution

Your Account Isn't Verified!

In order to create a playlist on Sporcle, you need to verify the email address you used during registration. Go to your Sporcle Settings to finish the process.